| 000 | 00876nam a2200229 a 4500 | ||
|---|---|---|---|
| 001 | 53929 | ||
| 003 | BD-RjUL | ||
| 005 | 20211209080039.0 | ||
| 008 | 161029s1946 ii ||||| |||| 00| 0 ben d | ||
| 020 | _c: IRs 0.50 | ||
| 035 | _a(BD-RjUL)54051 | ||
| 040 |
_aBD-RjUL _bben _cBD-RjUL |
||
| 041 | _aben | ||
| 082 |
_223 _a520 _bDAH 1946 |
||
| 100 |
_aদাশ, সুকুমার রঞ্জন _9161054 |
||
| 245 | 1 | 0 |
_aহিন্দু জ্যোতির্বিদ্যা / _cসুকুমার রঞ্জন দাশ |
| 260 |
_aকলিকাতা : _bবিশ্বভারতী গ্রন্থালয়, _c১৯৪৬ [১৩৫৩] |
||
| 300 |
_a১০০ পৃ. : _bচিত্র ; _c১৯ সেমি. |
||
| 650 |
_aজ্যোতির্বিদ্যা _9137179 |
||
| 650 |
_aAstronomy _9161055 |
||
| 942 |
_2ddc _cBK |
||
| 999 |
_c53929 _d53929 |
||